000 00838nas a2200277 4500
001 BR0300027
003 BR-BrBNA
005 20231205103441.0
007 ta
008 230509b bl.|||p| |||| 00| 00por d
040 _aBR-BrBNA
_bpor
_cBiblioteca Nacional de Agricultura
041 _a(Pt)
072 _aT10; K50
100 1 _aSeixas, F.
100 1 _aMarquesini, M.
245 1 _aDeterminação do esforço físico de trabalhadores na colheita de caixeta (Tabebuia cassinoides)
650 _aCAIXETA
650 _aÁRVORE ANGIOSPERMA
650 _aMADEIRA
650 _aEXTRAÇÃO DA MADEIRA
650 _aTRABALHADOR RURAL
650 _aSTRESS
773 0 _tScientia Forestalis (Brazil)
_xISSN 1413-9324
_g(Jun 2001), (no. 59) p. 145-151
_wBR0300027
909 _a202311
_bLúcia
_c55
_dLúcia Elande
942 _2AGRIS
_n0
_cANA
999 _c172921
_d172921